Statistics for Chancellors of Germany by Picture

Click here to take the quiz!

General Stats

  • This quiz has been taken 357 times
  • The average score is 6 of 8

Answer Stats

Answer% Correct
Angela Merkel
100%
Helmut Kohl
79%
Konrad Adenauer
75%
Gerhard Schröder
73%
Willy Brandt
73%
Helmut Schmidt
61%
Kurt Georg Kiesinger
45%
Ludwig Erhard
45%

Score Distribution

Percentile by Number Answered

Percent of People with Each Score

Your Score History

You have not taken this quiz